[Event "Olympiad-34"]
[Site "Istanbul"]
[Date "2000.11.12"]
[Round "14.3"]
[White "Phiri, Martin"]
[Black "Wong, Zi Jing"]
[Result "0-1"]
[WhiteElo "2114"]
[BlackElo "2300"]
[PlyCount "196"]
[EventDate "2000.10.28"]
[EventType "team-swiss"]
[EventRounds "14"]
[EventCountry "TUR"]
[SourceTitle "EXT 2001"]
[Source "ChessBase"]
[SourceDate "2000.11.22"]
[SourceVersion "1"]
[SourceVersionDate "2000.11.22"]
[SourceQuality "1"]
[WhiteTeam "Zambia"]
[BlackTeam "Malaysia"]
[WhiteTeamCountry "ZAM"]
[BlackTeamCountry "MAS"]

1. e4 c5 2. Nf3 d6 3. d4 cxd4 4. Nxd4 Nf6 5. Nc3 a6 6. Bc4 e6 7. Bb3 Nbd7 8. 0-0 Nc5 9. Re1 Be7 10. f4 0-0 11. e5 dxe5 12. fxe5 Nxb3 13. axb3 Bc5 14. Be3 Nd5 15. Nxd5 Qxd5 16. Nf3 Rd8 17. Qxd5 Bxe3+ 18. Rxe3 Rxd5 19. Kf2 Kf8 20. c3 Ke7 21. Re4 Bd7 22. Ke3 Rc8 23. b4 Be8 24. Nd4 Rdd8 25. Rg4 Rd5 26. Re4 Rdd8 27. Rf1 Bd7 28. g4 Rf8 29. g5 Rh8 30. Ref4 Rcf8 31. h4 h6 32. gxh6 Rxh6 33. Rg1 Rh7 34. Rfg4 Rfh8 35. Rxg7 Rxg7 36. Rxg7 Rxh4 37. Nf3 Rh3 38. Kf4 Be8 39. Rg2 Bc6 40. Rf2 Rh1 41. Nd4 Bd5 42. Ke3 Rh4 43. Kd3 Rh3+ 44. Kd2 Rh5 45. Re2 f6 46. exf6+ Kxf6 47. Nc2 e5 48. Rf2+ Ke6 49. Ne3 Be4 50. c4 Rh8 51. Kc3 Rh3 52. Kd2 Bc6 53. Re2 e4 54. Rg2 Rh5 55. b3 Ke5 56. Rg7 Rh2+ 57. Rg2 Rh5 58. Rg7 Kf6 59. Rg2 Rh7 60. Kc3 Ke5 61. Rf2 Rd7 62. Rd2 Rf7 63. Rh2 Bd7 64. Rh5+ Bf5 65. Kd2 Kf4 66. Ke2 Bg4+ 67. Nxg4 Kxg4 68. Re5 Kf4 69. Re8 Rh7 70. Rf8+ Ke5 71. Rd8 Rh2+ 72. Ke3 Rh3+ 73. Ke2 Rxb3 74. Rd5+ Kf4 75. b5 Rb2+ 76. Ke1 axb5 77. cxb5 Ke3 78. Kd1 Rb4 79. Rh5 Kd3 80. Rd5+ Rd4 81. Rh5 Kc4+ 82. Ke2 Rd5 83. Rh4 Kd4 84. Rh7 Rxb5 85. Rd7+ Kc3 86. Ke3 Rb4 87. Rc7+ Kb3 88. Rd7 b5 89. Re7 Rc4 90. Kd2 b4 91. Re8 Ka2 92. Ra8+ Kb2 93. Re8 b3 94. Re7 Kb1 95. Rb7 b2 96. Ra7 e3+ 97. Kd3 Rc8 98. Rh7 e2 0-1

[Event "Olympiad-34"]
[Site "Istanbul"]
[Date "2000.11.09"]
[Round "12.4"]
[White "Renteria Becerra, Jorge Elicer"]
[Black "Phiri, Martin"]
[Result "1-0"]
[WhiteElo "2271"]
[BlackElo "2114"]
[PlyCount "71"]
[EventDate "2000.10.28"]
[EventType "team-swiss"]
[EventRounds "14"]
[EventCountry "TUR"]
[SourceTitle "EXT 2001"]
[Source "ChessBase"]
[SourceDate "2000.11.22"]
[SourceVersion "1"]
[SourceVersionDate "2000.11.22"]
[SourceQuality "1"]
[WhiteTeam "Columbia"]
[BlackTeam "Zambia"]
[WhiteTeamCountry "COL"]
[BlackTeamCountry "ZAM"]

1. e4 c5 2. Nf3 d6 3. d4 cxd4 4. Nxd4 Nf6 5. Nc3 Nc6 6. Bg5 e6 7. Qd2 a6 8. 0-0-0 h6 9. Be3 Nxd4 10. Bxd4 b5 11. f3 Be7 12. Kb1 b4 13. Ne2 e5 14. Be3 Qa5 15. Nc1 Be6 16. Nb3 Qa4 17. Bd3 Rc8 18. h3 d5 19. Qe2 d4 20. Bf2 0-0 21. f4 Nd7 22. f5 Bxb3 23. cxb3 Qa5 24. h4 Rc6 25. g4 Rfc8 26. g5 hxg5 27. hxg5 Bxg5 28. Rdg1 Bh6 29. f6 Rxf6 30. Qg4 Qc7 31. Bc4 Rf4 32. Qg2 Qd6 33. Be1 Qf6 34. Qh3 Rc7 35. Bd2 Rf2 36. Bxh6 1-0

[Event "Olympiad-34"]
[Site "Istanbul"]
[Date "2000.11.02"]
[Round "6.4"]
[White "Phiri, Martin"]
[Black "Zjukin, Sergei"]
[Result "0-1"]
[WhiteElo "2114"]
[BlackElo "2402"]
[PlyCount "54"]
[EventDate "2000.10.28"]
[EventType "team-swiss"]
[EventRounds "14"]
[EventCountry "TUR"]
[SourceTitle "EXT 2001"]
[Source "ChessBase"]
[SourceDate "2000.11.22"]
[SourceVersion "1"]
[SourceVersionDate "2000.11.22"]
[SourceQuality "1"]
[WhiteTeam "Zambia"]
[BlackTeam "Estonia"]
[WhiteTeamCountry "ZAM"]
[BlackTeamCountry "EST"]

1. e4 c5 2. Nf3 Nc6 3. d4 cxd4 4. Nxd4 Nf6 5. Nc3 e5 6. Ndb5 d6 7. Bg5 a6 8. Na3 b5 9. Nd5 Be7 10. Bxf6 Bxf6 11. c3 0-0 12. Nc2 Rb8 13. Be2 Bg5 14. Nce3 a5 15. a4 bxa4 16. Qxa4 Ne7 17. b4 axb4 18. cxb4 Bb7 19. Qb3 Bxe3 20. fxe3 Nxd5 21. exd5 Qh4+ 22. Kf1 Rfc8 23. Rd1 Rc7 24. g3 Qe4 25. Kf2 Rc2 26. b5 Rbc8 27. Qd3 Rxe2+ 0-1

[Event "Olympiad-34"]
[Site "Istanbul"]
[Date "2000.10.31"]
[Round "4.4"]
[White "Phiri, Martin"]
[Black "Soto Vega, Jorge"]
[Result "0-1"]
[WhiteElo "2114"]
[BlackElo "2225"]
[PlyCount "114"]
[EventDate "2000.10.28"]
[EventType "team-swiss"]
[EventRounds "14"]
[EventCountry "TUR"]
[SourceTitle "EXT 2001"]
[Source "ChessBase"]
[SourceDate "2000.11.22"]
[SourceVersion "1"]
[SourceVersionDate "2000.11.22"]
[SourceQuality "1"]
[WhiteTeam "Zambia"]
[BlackTeam "Peru"]
[WhiteTeamCountry "ZAM"]
[BlackTeamCountry "PER"]

1. e4 c5 2. Nf3 Nc6 3. d4 cxd4 4. Nxd4 Nf6 5. Nc3 e5 6. Nb3 Bb4 7. Bd3 d5 8. exd5 Nxd5 9. Bd2 Bxc3 10. bxc3 0-0 11. 0-0 f5 12. f4 e4 13. Bc4 Kh8 14. Bxd5 Qxd5 15. Qe2 b6 16. Rfd1 Qf7 17. Be3 Be6 18. Rd6 Rac8 19. Rad1 Nd8 20. Qd2 Nb7 21. Rd4 Qc7 22. c4 Qf7 23. Qb4 Rfe8 24. Qa4 Ra8 25. Qb5 Rac8 26. Qa4 Qc7 27. Rd7 Qb8 28. R7d4 Re7 29. c3 Kg8 30. Qb4 Qc7 31. g3 Nc5 32. Nc1 Kf7 33. R4d2 Nb7 34. Qa4 Na5 35. c5 bxc5 36. Rd6 Nc4 37. Rxe6 Nxe3 38. Rxe7+ Kxe7 39. Rd2 Rd8 40. Rxd8 Kxd8 41. Kf2 Ng4+ 42. Ke2 Qb6 43. Nb3 Nxh2 44. Qc4 Ke7 45. Qxc5+ Qxc5 46. Nxc5 Kd6 47. Nb3 Kd5 48. Na5 h6 49. a4 g5 50. Nb3 Nf3 51. Na5 gxf4 52. gxf4 h5 53. c4+ Kc5 54. Nb7+ Kxc4 55. Nd6+ Kd5 56. Nc8 Nd4+ 57. Ke3 Nc6 0-1